00856nam a2200181 a 450000100100000000500170001000800410002704000250006808200080009311000640010124500390016526000340020430000210023849000770025950002130033650400490054983000760059800002964220250924073803.0110419s1984 dr 000 0 spa d aDO-SdBNPbspacBNPHU axxx1 aPublicaciones de la Universidad Autónoma de Santo Domingo10aMédicos sobresalientes de Moca/. aSanto Domingo :bUASD,c1984. a19 cm. ;c21 cm.1 aPublicaciones de la Universidad Autónoma de Santo Domingo.v343, No. 5 aConferencia dictada por el Dr. Fernando Sánchez Martínez, rector de la Universidad autónoma de Santo Domingo, con motivo de las fiestas patronales de la provincia Espaillat, el 28 de septiembre de 1984. aIncluye referencias bibliográficas (p. 19) aPublicaciones de la Universidad Autónoma de Santo Domingov343, No. 5